000 00802npm a2200229 i 4500
001 5145
003 ES-MaACL
005 20230908142206.0
007 hzrazu bucu
008 900418r19901909cu a 00010 spa d
080 _a05(729.1 Cuba) Letras
080 _a05(729.1)
245 0 0 _aLetras
_b: [Microforma].
260 _aMadrid :
_bAteneo Cientifico, Literario y Artistico,
_c1990.
300 _a2 carretes de microfilme :
_bnegativo ;
_c16 mm.
500 _aPublicado originalmente: La Habana, Imp. Obra pia, 1909-1914, periodicidad semanal.
505 8 _aCarrete n. 1: 1909 a 1912 (25 agosto) -- Carrete n. 2: 1912 (8 sept.) a 1914 (25 oct.)
852 _aES-MaACL
_jMC-59-60
_95262
_cDEPO1
942 _2udc
_cMICROFORMA
999 _c5145
_d5145